Role of education in development of rural women (Record no. 1225924)

MARC details
000 -LEADER
fixed length control field 00629nam a2200217Ia 4500
005 - DATE AND TIME OF LATEST TRANSACTION
control field 20241129105801.0
008 - FIXED-LENGTH DATA ELEMENTS--GENERAL INFORMATION
fixed length control field 241129s9999||||xx |||||||||||||| ||und||
020 ## - INTERNATIONAL STANDARD BOOK NUMBER
International Standard Book Number 978-81-94765-69-1
037 ## - SOURCE OF ACQUISITION
Stock number TB
040 ## - CATALOGING SOURCE
Original cataloging agency ARTS
Language of cataloging eng
Transcribing agency ARTS
041 ## - LANGUAGE CODE
Language code of text/sound track or separate title eng
Source of code eng
084 ## - COLON CLASSIFICATION NUMBER
Classification number Y15-31:7:7 R1
Assigning agency ARTS
100 ## - MAIN ENTRY--PERSONAL NAME
Personal name Contractor Tarun
9 (RLIN) 724728
245 #0 - TITLE STATEMENT
Title Role of education in development of rural women
Statement of responsibility, etc. Contractor Tarun
260 ## - PUBLICATION, DISTRIBUTION, ETC.
Place of publication, distribution, etc. Delhi, India
Name of publisher, distributor, etc. Venus Publications
Date of publication, distribution, etc. 2022
300 ## - PHYSICAL DESCRIPTION
Extent 272p.
365 ## - TRADE PRICE
Price type code INR
Price amount 1800
650 ## - SUBJECT ADDED ENTRY--TOPICAL TERM
Topical term or geographic name entry element SociologyWomen
9 (RLIN) 726364
942 ## - ADDED ENTRY ELEMENTS (KOHA)
Koha item type Textbook
Classification part Y15-31:7:7 R1

No items available.

Copyright @ Delhi University Library System